01856nam a22003257a 4500999001700000003000900017008004100026020002200067040007100089082001900160100003300179110006300212245008700275260007000362300003400432500002500466505053700491650005501028650003201083650005101115650003901166650003301205650003301238650004501271650004401316856002201360942001601382945002101398952011101419 c23430d23430AR-CdUCM251230b2024 pe ||||| |||| 00| 0 spa d a978-612-4236-49-5 aMUNICIPALIDAD PROVINCIAL DEL CUSCOcBIBLIOTECA MUNICIPAL DEL CUSCO a910.202 /bR33 a Recharte Cuentas, Álvaro. aUniversidad Nacional de San Antonio Abad del Cusco915942 aTurismo de aventura :bEntre la convergencia, divergencia y ruptura epistémica / aCusco bUniversidad Nacional de San Antonio Abad del Cuscoc2024 a258 páginas. :c15 x 21 cm. zPáginas 239 - 258. a Capítulo I: Configurando las bases para un nuevo paradigma de desarrollo turístico -- El ocio humanista en tiempos de cambio bajo la mirada de la aventura -- Innovación disruptiva colaborativa amigable para las prácticas -- Capítulo II -- El turismo de aventura bajo la mirada hermenéutica de la neurociencia -- Capítulo III -- Dimensiones de un modelo conceptual alternativo para el turismo de aventura -- Precedentes del vínculo humano con la naturaleza y su relación con actividades físico -- deportivas.... aRealidad turística generando un paradigma951880 aImpulsor del cambio951881 aAntecedentes del proceso de evolución951882 aDiferencias y convergencias951883 aLos neurotransmisores951884 aActividades físicas951885 aProducto turístico de aventura 951886 aCaminata, montañismo, escalada951887 fwww.unsaac.edu.pe 2ddccLIBROS ajmcsd30/12/2025 002ddc4070aSHbSHcCARTd2025-12-30eDonacióng35.00o910.202 / R33pSH0000017041r2025-12-30yLIBROS